[Matematika: lineárna algebra]

Recenzia na učebný text, ktorý je určený pre študentov Ekonomickej univerzity. Text je rozdelený do štyroch kapitol: vektory, matice, determinanty a systémy lineárnych rovníc.

Guardado en:
Detalles Bibliográficos
Autor principal: Pinda, Ľudovít, 1958-
Formato: Capítulo de libro
Lenguaje:eslovaco
Materias:
Etiquetas: Agregar Etiqueta
Sin Etiquetas, Sea el primero en etiquetar este registro!

MARC

LEADER 00000naa a2200000 4500
001 0119990
005 20240502072336.5
041 0 |a slo 
044 |a SK 
245 1 0 |a [Matematika: lineárna algebra]  |c Ľudovít Pinda 
520 |a Recenzia na učebný text, ktorý je určený pre študentov Ekonomickej univerzity. Text je rozdelený do štyroch kapitol: vektory, matice, determinanty a systémy lineárnych rovníc. 
610 2 0 |a recenzie 
610 2 0 |a matematika 
610 2 0 |a školy vysoké 
610 2 0 |a študenti 
100 1 |a Pinda, Ľudovít, 1958-